Método práctico de pronunciación francesa, de lectura y traducción : veinte lecciones

Gespeichert in:
Bibliographische Detailangaben
1. Verfasser: Borde, P. B.
Format: Buch
Sprache:Spanisch
Erschienen: Madrid : Edmundo Capdeville, 1900
Ausgabe:12ª ed.
Katalog:MANES:  Suchergebnis im Bibliothekskatalog
Schulbuchspezifische Eigenschaften:
Schlagworte:
Tags: Tag hinzufügen
Keine Tags, Fügen Sie den ersten Tag hinzu!
Hinzugefügt zu:09.02.2019
Geändert in:07.05.2025

MARC

LEADER 00000cam a2200000 4500
005 20250507134619.0
008 190210Q19001997esp p 0000 00spa0d
040 |a uned  |b spa  |c entro-manes 
041 0 |a spa 
100 1 |a Borde, P. B.  |9 41458 
245 1 0 |a Método práctico de pronunciación francesa, de lectura y traducción :  |b veinte lecciones  |c por P. B. Borde 
250 |a 12ª ed. 
260 |a Madrid :  |b Edmundo Capdeville,  |c 1900 
300 |a 216 p. 
546 |a España 
561 |5 es-BUNED  |3 L.T. 1122  |a España. Fondo Manes UNED  |k MANES 
690 0 |a LE 
650 7 |a Pronunciación (Lingüística)  |9 36832 
942 |2 ddc  |c BK 
999 |c 98621  |d 98621 
999 |c manes:98621  |d 98621